[Event "36th Olympiad w"]
[Site "Calvia ESP"]
[Date "2004.10.22"]
[Round "7"]
[White "Melnik,G"]
[Black "Hernandez,Z"]
[Result "1/2-1/2"]
[WhiteElo "2083"]
[BlackElo "2100"]
[EventDate "2004.10.15"]

1. d4 d5 2. Nf3 Nf6 3. c4 c6 4. e3 e6 5. Bd3 Nbd7 6. Nbd2 dxc4 7. Nxc4 Be7
8. O-O c5 9. Nfe5 cxd4 10. exd4 O-O 11. Be3 Nb6 12. Rc1 Nbd5 13. a3 Bd7 14.
Nxd7 Qxd7 15. Ne5 Qd8 16. Bb1 Rc8 17. Qd3 Qb6 18. Nd7 Qxb2 19. Nxf8 Rxf8
20. Rc2 Qxa3 21. Qxa3 Bxa3 22. Ra2 Bb4 23. Rxa7 Nxe3 24. fxe3 Bd2 25. Ra3
Ng4 26. h3 Nxe3 27. Rf3 Rc8 28. Kh2 Nc4 29. Ra7 Nd6 30. Ba2 h6 31. Rd3 Bf4+
32. g3 Rc2+ 33. Kg1 Rc1+ 34. Kg2 Rc2+ 35. Kf3 Bg5 36. Ra8+ Kh7 37. Bb1 Rc6
38. Rc3+ g6 39. Rxc6 bxc6 40. Ra6 Nb5 41. Kf2 Nxd4 42. Ra7 Kg7 43. Rc7 Bf6
44. Be4 Be5 45. Rc8 Kf6 46. g4 Kg5 47. Bxc6 Nxc6 48. Rxc6 Bd4+ 49. Kf3 Kf6
50. Rc7 e5 51. Ke4 Ke6 52. Rc6+ Kd7 53. Rc7+ Ke6 54. Rc6+ Ke7 55. Rc7+ Ke6
56. h4 g5 57. h5 1/2-1/2

[Event "36th Olympiad w"]
[Site "Calvia ESP"]
[Date "2004.10.22"]
[Round "7"]
[White "Martinez Aleidi,J"]
[Black "Kudrina,A"]
[Result "1-0"]
[WhiteElo "2201"]
[BlackElo "2047"]
[EventDate "2004.10.15"]

1. e4 e5 2. Bc4 Nf6 3. Qe2 Nc6 4. Nf3 Bc5 5. c3 O-O 6. d3 d5 7. Bb3 h6 8.
Nbd2 Be6 9. Bc2 d4 10. Nf1 dxc3 11. bxc3 Ng4 12. Ne3 f5 13. exf5 Bxe3 14.
fxe3 Bxf5 15. Bb3+ Kh8 16. e4 Bg6 17. Ba3 Re8 18. O-O a5 19. h3 Nf6 20. Nh4
Kh7 21. Qe3 a4 22. Qg3 Bh5 23. Bd1 Bf7 24. Bg4 Nh5 25. Bxh5 Bxh5 26. Rf5 g5
27. Qf2 gxh4 28. Rxh5 Rg8 29. Rf1 Qd7 30. Qxh4 Qg7 31. g4 Rae8 32. Kh1 Re6
33. g5 Rg6 34. Bc1 Rf8 35. Qe1 Qg8 36. Rf5 Ne7 37. Rxe5 Qf7 38. Qf2 Rc6 39.
Ba3 Ng6 40. Rxh6+ Kg8 41. Rf5 1-0

[Event "36th Olympiad w"]
[Site "Calvia ESP"]
[Date "2004.10.22"]
[Round "7"]
[White "Dengler,D"]
[Black "Sekulovska,V"]
[Result "1/2-1/2"]
[WhiteElo "2123"]
[BlackElo "2164"]
[EventDate "2004.10.15"]

1. d4 d5 2. Nf3 Nf6 3. e3 c5 4. Bd3 Nc6 5. O-O Qc7 6. b3 a6 7. a3 e5 8.
dxe5 Nxe5 9. Nxe5 Qxe5 10. Ra2 Bd6 11. f4 Qe7 12. c4 Ng4 13. cxd5 f5 14.
Be2 O-O 15. Nc3 b5 16. e4 fxe4 17. Nxe4 Nf6 18. Nxf6+ Qxf6 19. Bb2 Qh6 20.
Qe1 Bg4 21. Rf2 c4 22. bxc4 Bc5 23. Kh1 Bxf2 24. Qxf2 bxc4 25. Bxc4 Rac8
26. Bb3 Rb8 27. Qg3 Qg6 28. Be5 Be2 29. Qxg6 hxg6 30. Bc2 Rb7 31. Ra1 Rfb8
32. Rc1 Rc8 33. Kg1 1/2-1/2

[Event "36th Olympiad w"]
[Site "Calvia ESP"]
[Date "2004.10.22"]
[Round "7"]
[White "Lindiawati,E"]
[Black "Mouradian,K"]
[Result "0-1"]
[WhiteElo "2125"]
[BlackElo "2119"]
[EventDate "2004.10.15"]

1. e4 c5 2. Nf3 d6 3. d4 cxd4 4. Nxd4 Nf6 5. Nc3 a6 6. a4 e5 7. Nb3 Be6 8.
Be2 Be7 9. O-O O-O 10. Be3 Nc6 11. f4 exf4 12. Rxf4 d5 13. exd5 Nxd5 14.
Nxd5 Bxd5 15. Rf1 Bf6 16. Rb1 Re8 17. Bf2 Be5 18. Bf3 Bxf3 19. Qxf3 Qc7 20.
Bg3 Rad8 21. c3 Bd6 22. Rfd1 Ne5 23. Qd5 Ng4 24. Qf3 Nf2 25. Qxf2 Qc4 26.
Na5 Qxa4 27. Rd5 Bxg3 28. Qd4 Bf2+ 29. Kxf2 Qc2+ 30. Qd2 Qxd2+ 31. Rxd2
Rxd2+ 32. Kf3 b5 33. h4 Ree2 34. g4 g6 35. Nc6 Rh2 36. Ke3 Rd6 37. Nd4 Rxh4
38. Rg1 Kf8 39. Rg2 f5 40. Rg1 Ke7 41. Re1 Kf6 42. Kf3 f4 43. Nc2 Kg5 0-1

[Event "36th Olympiad w"]
[Site "Calvia ESP"]
[Date "2004.10.22"]
[Round "7"]
[White "Munoz,Do"]
[Black "Kopinits,A"]
[Result "0-1"]
[WhiteElo "1979"]
[BlackElo "2114"]
[EventDate "2004.10.15"]

1. e4 c5 2. Nf3 Nc6 3. d3 d6 4. c3 g6 5. g3 Bg7 6. Bg2 Nf6 7. O-O O-O 8.
Re1 d5 9. Nbd2 Rb8 10. a4 b6 11. Qc2 Ba6 12. Nf1 dxe4 13. dxe4 Bd3 14. Qd1
Bxe4 15. Bf4 Qxd1 16. Raxd1 Rbd8 17. Rxd8 Rxd8 18. N1d2 Bc2 19. Nh4 Nd5 20.
Bxd5 Rxd5 21. Nhf3 e6 22. Rc1 Bd3 23. h3 h6 24. Ne1 Be2 25. Be3 Ne5 26. f4
Nc4 27. Nxc4 Bxc4 28. Kf2 Kf8 29. Nf3 Ke8 30. Nd2 Bd3 31. Kf3 c4 32. Bd4 f6
33. b4 cxb3 34. Nxb3 e5 35. fxe5 fxe5 36. Be3 Rd7 37. Nd2 Rf7+ 38. Kg2 e4
39. h4 h5 40. Bf4 Rf5 41. Be3 Ra5 42. Bd4 Bxd4 43. cxd4 Rxa4 0-1

[Event "36th Olympiad w"]
[Site "Calvia ESP"]
[Date "2004.10.22"]
[Round "7"]
[White "Horvath,Maria AUT"]
[Black "Jose Polanco,Ken"]
[Result "1-0"]
[WhiteElo "2094"]
[BlackElo "2003"]
[EventDate "2004.10.15"]

1. d4 e6 2. c4 Nf6 3. Nc3 Be7 4. e4 O-O 5. Bd3 d5 6. e5 Ne8 7. cxd5 exd5 8.
Nge2 c6 9. O-O c5 10. dxc5 Bxc5 11. Nxd5 Nc6 12. Bxh7+ Kh8 13. Nef4 Qh4 14.
Bb1 Nxe5 15. Qe2 Ng4 16. h3 Nh6 17. Qc2 Bxf2+ 18. Qxf2 Qxf2+ 19. Rxf2 Nf5
20. g4 Nh4 1-0

[Event "36th Olympiad w"]
[Site "Calvia ESP"]
[Date "2004.10.22"]
[Round "7"]
[White "De la Cruz,M"]
[Black "Sommer,S"]
[Result "1-0"]
[WhiteElo "2086"]
[BlackElo "2043"]
[EventDate "2004.10.15"]

1. d4 d5 2. c4 e5 3. dxe5 d4 4. Nf3 Nc6 5. a3 Bg4 6. Nbd2 Nge7 7. h3 Bf5 8.
Nb3 Qd7 9. Nc5 Qd8 10. Nxb7 Qb8 11. Nc5 Nb4 12. Qa4+ Nbc6 13. Nxd4 Qb6 14.
b4 Bd7 15. Be3 Nxe5 16. Nxd7 Nxd7 17. Rd1 Rd8 18. c5 Qf6 19. Nb5 Qc6 20.
Qa5 f6 21. Nxc7+ Kf7 22. b5 Qe4 23. c6 Nb6 24. Rxd8 Ned5 25. Qd2 Bxa3 26.
Rd7+ Ne7 27. Qd5+ Qxd5 28. Nxd5 Nbxd5 29. Bxa7 Ra8 30. Bd4 f5 31. e4 Nf6
32. f3 Ra4 33. Bc3 h6 34. c7 Ke8 35. b6 1-0

[Event "36th Olympiad w"]
[Site "Calvia ESP"]
[Date "2004.10.22"]
[Round "7"]
[White "Hernandez,Ya"]
[Black "Charmova,E"]
[Result "0-1"]
[WhiteElo "2248"]
[BlackElo "2047"]
[EventDate "2004.10.15"]

1. d4 d5 2. Nf3 e6 3. c4 Nf6 4. Nc3 Be7 5. Bg5 O-O 6. e3 c6 7. Qc2 Na6 8.
a3 Nc7 9. cxd5 cxd5 10. Bd3 h6 11. Bf4 Bd7 12. h3 b5 13. Ne2 Rc8 14. O-O
Nce8 15. Qb3 Nd6 16. Bxd6 Bxd6 17. Ne5 a6 18. Ng3 Qe7 19. f4 Rc7 20. Qd1
Rfc8 21. Nh5 Be8 22. Nxf6+ Qxf6 23. Qh5 Qe7 24. Qf3 f6 25. Qg3 g5 26. h4
Qg7 27. Ng4 Bg6 28. Bxg6 Qxg6 29. Rae1 gxh4 30. Nxf6+ Kf7 31. Qxg6+ Kxg6
32. Ng4 Rc2 33. Rf2 Rxf2 34. Kxf2 h5 35. Ne5+ Bxe5 36. fxe5 Kg5 37. Kf3
Rf8+ 38. Ke2 Kg4 39. Rh1 Rc8 40. Kd3 a5 41. e4 dxe4+ 42. Kxe4 Rc2 43. b4
axb4 44. axb4 Rxg2 45. Rf1 h3 46. Rf4+ Kg5 47. Rf1 h2 48. Rh1 Kg4 49. d5
exd5+ 50. Kxd5 Rf2 51. e6 Rd2+ 52. Ke5 Re2+ 53. Kd5 Rd2+ 0-1

[Event "36th Olympiad w"]
[Site "Calvia ESP"]
[Date "2004.10.22"]
[Round "7"]
[White "Guerrero Rodriguez,Alej"]
[Black "Courtney,H"]
[Result "1-0"]
[WhiteElo "2102"]
[BlackElo "2050"]
[EventDate "2004.10.15"]

1. e4 e5 2. Nf3 Nc6 3. Bb5 a6 4. Ba4 Nf6 5. O-O d6 6. d3 Be7 7. c3 O-O 8.
Nbd2 h6 9. h3 Bd7 10. d4 exd4 11. cxd4 Re8 12. Re1 Rb8 13. Nf1 d5 14. e5
Nh7 15. Bc2 Ng5 16. Nxg5 Bxg5 17. f4 Bh4 18. g3 Bxh3 19. gxh4 Qxh4 20. Be3
Bxf1 21. Kxf1 Qh1+ 22. Ke2 Qh2+ 23. Kd3 Nb4+ 24. Kc3 g5 25. a3 Re6 26. axb4
Rc6+ 27. Kb3 b6 28. b5 Rc4 29. Ra4 c6 30. Qe2 Qxe2 31. Rxe2 cxb5 32. Rxc4
bxc4+ 33. Ka4 Kf8 34. Rg2 g4 35. f5 h5 36. Rh2 b5+ 37. Ka5 b4 38. Kxa6 Kg7
39. Bg5 b3 40. Rh1 bxc2 41. Bf6+ 1-0

[Event "36th Olympiad w"]
[Site "Calvia ESP"]
[Date "2004.10.22"]
[Round "7"]
[White "Castillo,Di"]
[Black "Khan,N"]
[Result "1/2-1/2"]
[WhiteElo "2043"]
[BlackElo "1997"]
[EventDate "2004.10.15"]

1. e4 c5 2. c4 e6 3. Nc3 Nc6 4. d3 a6 5. Nge2 Qc7 6. Ng3 Nd4 7. a4 Nf6 8.
Be2 Be7 9. f4 d6 10. O-O Bd7 11. Kh1 Bc6 12. Bf3 Nd7 13. Nce2 Nxf3 14. Rxf3
Bh4 15. Rf1 a5 16. Bd2 b6 17. Bc3 Bf6 18. Bxf6 Nxf6 19. Nc3 O-O-O 20. d4
Kb7 21. d5 exd5 22. Nxd5 Bxd5 23. exd5 Rde8 24. Qd3 Qd7 25. b3 g6 26. Rae1
Rxe1 27. Rxe1 Re8 28. Rxe8 Qxe8 29. Qe2 Qxe2 30. Nxe2 Ne4 31. g3 Kc7 32.
Kg2 Kd7 33. Nc1 Ke7 34. Kf3 Nd2+ 35. Ke2 Ne4 36. Ke3 Nf6 37. Kf3 Nh5 38.
Ne2 Ng7 39. g4 h5 40. h3 hxg4+ 41. hxg4 Ne8 42. Nc3 Nc7 43. Ke3 Kf6 44.
Ne4+ Ke7 45. Nc3 1/2-1/2

[Event "36th Olympiad w"]
[Site "Calvia ESP"]
[Date "2004.10.22"]
[Round "7"]
[White "Basem Hassan,M"]
[Black "Connolly,S"]
[Result "1/2-1/2"]
[WhiteElo "2050"]
[BlackElo "2076"]
[EventDate "2004.10.15"]

1. e4 c6 2. d4 d5 3. exd5 cxd5 4. c4 Nf6 5. Nc3 e6 6. c5 Be7 7. Nf3 O-O 8.
Bg5 b6 9. b4 bxc5 10. bxc5 Ba6 11. Bxa6 Nxa6 12. O-O Nd7 13. Bxe7 Qxe7 14.
Re1 Nc7 15. Rb1 Rfb8 16. Qa4 Qe8 17. Rb3 Qc8 18. Reb1 f6 19. Qc6 Rxb3 20.
Rxb3 Rb8 21. Kf1 Rxb3 22. axb3 Nb8 23. Qa4 Qa6+ 24. Ke1 Qxa4 25. Nxa4 Nc6
1/2-1/2

[Event "36th Olympiad w"]
[Site "Calvia ESP"]
[Date "2004.10.22"]
[Round "7"]
[White "Borda,C"]
[Black "Elfelo,K"]
[Result "0-1"]
[WhiteElo "2088"]
[BlackElo "1884"]
[EventDate "2004.10.15"]

1. e4 c5 2. c3 e6 3. d3 Nc6 4. f4 d6 5. Nf3 Nf6 6. g3 Be7 7. Bg2 Qc7 8. Qc2
b5 9. O-O O-O 10. Kh1 b4 11. Be3 Rb8 12. Nbd2 Ba6 13. Rfc1 Rb7 14. d4 Rfb8
15. dxc5 dxc5 16. c4 Rd8 17. e5 b3 18. axb3 Nb4 19. Qd1 Ng4 20. Qg1 Rd3 21.
Bf2 Qb6 22. h3 Nxf2+ 23. Qxf2 Rbd7 24. Bf1 Bb7 25. Kh2 Bxf3 26. Nxf3 Rxb3
27. Rd1 Nd3 28. Bxd3 Rbxd3 29. Rxd3 Rxd3 30. Qe2 Rxf3 31. Rxa7 Qxa7 32.
Qxf3 Qa2 33. Qc3 f6 34. g4 fxe5 35. fxe5 Bh4 36. Qc2 Qa1 37. Qg2 Qe1 38.
Qa8+ Kf7 39. Qb7+ Kg6 40. Qg2 Qxe5+ 41. Kh1 Qe1+ 42. Kh2 Qf2 43. Qxf2 Bxf2
44. b3 e5 45. Kg2 Bd4 46. h4 h5 47. Kg3 e4 48. g5 Kf5 49. Kg2 0-1

[Event "36th Olympiad w"]
[Site "Calvia ESP"]
[Date "2004.10.22"]
[Round "7"]
[White "Maeckelberg,M"]
[Black "Starr,N"]
[Result "0-1"]
[WhiteElo "2020"]
[BlackElo "2191"]
[EventDate "2004.10.15"]

1. e4 g6 2. d4 Bg7 3. Nc3 c6 4. Nf3 d5 5. Bf4 Nf6 6. e5 Nfd7 7. Bd3 Nf8 8.
h3 Ne6 9. Be3 O-O 10. O-O c5 11. Re1 cxd4 12. Bxd4 Nc6 13. Bf1 Nexd4 14.
Nxd4 Nxe5 15. Qe2 e6 16. Rad1 Nc4 17. Na4 Qa5 18. b3 Nd6 19. Qd3 Bd7 20.
Nc3 Rac8 21. Nce2 Rfd8 22. Qg3 Ne4 23. Qe3 e5 24. Nf3 f5 25. Qc1 Qc5 26. a4
Qxf2+ 27. Kh2 Be6 28. Ng5 Nxg5 29. Qxg5 Rd7 30. Nc1 e4 31. Bb5 Rf7 32. c4
Be5+ 33. Kh1 Bf4 34. Rf1 Qxf1+ 35. Rxf1 Bxg5 36. cxd5 Bxd5 37. Ne2 a6 38.
Nc3 Rxc3 0-1

[Event "36th Olympiad w"]
[Site "Calvia ESP"]
[Date "2004.10.22"]
[Round "7"]
[White "Khaziyeva,D"]
[Black "Stolarczyk,An"]
[Result "1-0"]
[WhiteElo "2100"]
[BlackElo "2006"]
[EventDate "2004.10.15"]

1. b3 d5 2. Bb2 Nf6 3. g3 g6 4. Bg2 Bg7 5. Nf3 O-O 6. O-O c6 7. d3 Nbd7 8.
Nbd2 Re8 9. Re1 Nh5 10. Bxg7 Nxg7 11. e4 dxe4 12. dxe4 Nb6 13. a4 a5 14.
Qe2 Bg4 15. h3 Bxf3 16. Nxf3 Qc7 17. Rad1 Rad8 18. Rd2 Rd7 19. Rxd7 Nxd7
20. Nd2 e5 21. Nc4 Ne6 22. Qd2 b6 23. c3 Rd8 24. Qc2 b5 25. axb5 cxb5 26.
Ne3 Nb6 27. Ra1 a4 28. bxa4 Nxa4 29. Nd5 Qc5 30. Qc1 Kg7 31. Qa3 Rc8 32.
Qxc5 Nexc5 33. Rb1 Nd7 34. Rb3 f6 35. Bf1 Ndc5 36. Rb4 Ne6 37. Rxb5 Nxc3
38. Rb7+ Kh8 39. Nxf6 Rc7 40. Rb8+ Kg7 41. Ne8+ Kh6 42. Nxc7 Nxc7 43. Rc8
N7b5 44. Rc5 1-0

[Event "36th Olympiad w"]
[Site "Calvia ESP"]
[Date "2004.10.23"]
[Round "8"]
[White "Xu Yuhua"]
[Black "Dworakowska,J"]
[Result "1-0"]
[WhiteElo "2487"]
[BlackElo "2393"]
[EventDate "2004.10.15"]

1. e4 c5 2. Nf3 d6 3. d4 cxd4 4. Nxd4 Nf6 5. Nc3 a6 6. Be2 e5 7. Nb3 Be7 8.
Bg5 Nbd7 9. a4 O-O 10. O-O b6 11. Bc4 Bb7 12. Qe2 Qc8 13. Rfd1 Bc6 14. Bxf6
Nxf6 15. Nd5 Bxd5 16. Bxd5 Ra7 17. c3 g6 18. Rd3 Kg7 19. Nd2 Rc7 20. Nf1 h5
21. h3 h4 22. Ne3 Nh5 23. Qg4 Qxg4 24. hxg4 Nf6 25. a5 b5 26. f3 Rb8 27.
Nc2 Nd7 28. Nb4 Nc5 29. Rdd1 Rh8 30. Kf2 Bg5 31. Ba2 Rd7 32. Nd5 Na4 33.
Rab1 Rb8 34. b4 Rc8 35. Rd3 Rh8 36. Bb3 h3 37. Bxa4 h2 38. Bxb5 h1=Q 39.
Rxh1 Rxh1 40. Bxd7 Bh4+ 1-0

[Event "36th Olympiad w"]
[Site "Calvia ESP"]
[Date "2004.10.23"]
[Round "8"]
[White "Zielinska,Mar"]
[Black "Zhao Xue"]
[Result "1/2-1/2"]
[WhiteElo "2395"]
[BlackElo "2487"]
[EventDate "2004.10.15"]

1. g3 e5 2. Bg2 d5 3. d3 Nf6 4. Nd2 Bd6 5. e3 Nc6 6. Ne2 Be6 7. b3 Ne7 8.
Bb2 h5 9. h3 Nd7 10. a3 c6 11. e4 h4 12. Nf3 Ng6 13. Qd2 Be7 14. Bc1 dxe4
15. dxe4 Qb6 16. Ng5 Ndf8 17. Qc3 Bc5 18. Qf3 Rd8 19. O-O hxg3 20. Qxg3 Qc7
21. Bf3 Nh4 22. Nxe6 Nxf3+ 23. Qxf3 Nxe6 24. Qg3 Qe7 25. b4 Bb6 26. Kg2 Rh5
27. Rh1 Rd6 28. h4 Qd7 29. Qf3 Rh8 30. Bb2 Nd4 31. Bxd4 Bxd4 32. Nxd4 exd4
33. Rad1 Rhh6 34. h5 Kf8 35. e5 Rd5 36. Rh4 Re6 37. h6 Rxh6 38. Rxh6 gxh6
39. Qh5 Qe6 40. f4 Qg6+ 41. Qxg6 fxg6 42. Kf3 g5 43. fxg5 hxg5 44. Ke4 Kf7
45. Rf1+ Ke7 46. Rg1 a5 47. Rxg5 axb4 48. axb4 Rb5 49. Rg4 Ke6 50. Rg6+ Kf7
51. Rd6 Rxb4 52. Rxd4 Rb2 53. Kf5 b5 54. Rh4 Rxc2 55. Rh7+ Kf8 56. Rb7 Rh2
57. Rc7 Rh6 58. e6 Rh1 59. Ke5 Re1+ 60. Kd6 Rd1+ 61. Kxc6 Re1 62. Kd7 Rd1+
63. Kc8 Ke8 1/2-1/2

[Event "36th Olympiad w"]
[Site "Calvia ESP"]
[Date "2004.10.23"]
[Round "8"]
[White "Cmilyte,V"]
[Black "Hunt,H"]
[Result "1-0"]
[WhiteElo "2442"]
[BlackElo "2385"]
[EventDate "2004.10.15"]

1. d4 Nf6 2. c4 e6 3. Nf3 b6 4. a3 Ba6 5. Qc2 Bb7 6. Nc3 c5 7. e4 cxd4 8.
Nxd4 Nc6 9. Nxc6 Bxc6 10. Bf4 Bc5 11. O-O-O Nh5 12. Bd2 e5 13. Nd5 Bxd5 14.
exd5 Qf6 15. Be2 Nf4 16. Bf3 O-O 17. Be4 h6 18. Bc3 Rac8 19. Kb1 Ng6 20.
Rhf1 Bd4 21. Bxd4 exd4 22. f4 Rc7 23. Bd3 Re8 24. g3 d6 25. Rfe1 Re3 26.
Rxe3 dxe3 27. Re1 Re7 28. Bxg6 fxg6 29. Qd3 Qf5 30. Qxf5 gxf5 31. Kc2 g5
32. Kd3 gxf4 33. gxf4 Re4 34. Rxe3 Rxf4 35. Re6 Rh4 36. Rxd6 Rxh2 37. Rf6
Rh3+ 38. Kd4 Rh4+ 39. Ke5 Kg7 40. Rxf5 Rxc4 41. Rf2 Rc1 42. Ke6 Re1+ 43.
Kd7 Rd1 44. d6 h5 45. Ke7 Re1+ 46. Kd8 Rd1 47. d7 Kg6 48. Rc2 1-0

[Event "36th Olympiad w"]
[Site "Calvia ESP"]
[Date "2004.10.23"]
[Round "8"]
[White "Houska,Jo"]
[Black "Ciuksyte,D"]
[Result "1-0"]
[WhiteElo "2298"]
[BlackElo "2361"]
[EventDate "2004.10.15"]

1. e4 c5 2. Nf3 e6 3. d4 cxd4 4. Nxd4 a6 5. Nc3 Qc7 6. Bd3 Nc6 7. Nb3 Bd6
8. Qg4 h5 9. Qxg7 Be5 10. Bf4 Bxg7 11. Bxc7 b5 12. a3 Ke7 13. O-O-O Nf6 14.
Bf4 Rg8 15. Be2 Ng4 16. Bd6+ Kd8 17. Rhf1 Bh6+ 18. Kb1 h4 19. h3 Nge5 20.
g3 hxg3 21. fxg3 Rxg3 22. Rxf7 Nxf7 23. Bxg3 Nce5 24. Nc5 Ke7 25. Nd3 Nxd3
26. cxd3 Bb7 27. Rg1 Bg5 28. h4 Be3 29. Rg2 d6 30. Be1 Rh8 31. h5 Bg5 32.
Kc2 Bc6 33. d4 Bf6 34. Bf2 Be8 35. Be3 Nh6 36. d5 Bf7 37. dxe6 Bxe6 38.
Nd5+ Bxd5 39. exd5 Nf5 40. Bd2 Nd4+ 41. Kb1 Nf5 42. Rf2 Nd4 43. Bd1 Rg8 44.
Rf1 Rg2 45. Bc3 Be5 46. Rh1 Kf7 47. h6 Kg8 48. Ka2 Kh7 49. Kb1 Kh8 50. Rh4
Nf5 51. Bxe5+ dxe5 52. Rh1 Rd2 53. Bc2 e4 54. Bxe4 Ng3 55. Re1 Nxe4 56.
Rxe4 Rxd5 57. Re6 a5 58. b3 Rh5 59. Rb6 Kh7 60. b4 a4 61. Kc2 Rh2+ 62. Kc3
Rh3+ 63. Kd4 Rxa3 64. Kc5 Ra1 65. Kxb5 a3 66. Rd6 a2 67. Ra6 Kh8 68. Ra3
Kh7 69. Ka5 Kxh6 70. b5 Kg6 71. Ka6 Kf7 72. b6 Ke7 73. b7 Rb1 74. Rxa2 1-0

[Event "36th Olympiad w"]
[Site "Calvia ESP"]
[Date "2004.10.23"]
[Round "8"]
[White "Batyte,D"]
[Black "Buckley,M"]
[Result "1-0"]
[WhiteElo "2130"]
[BlackElo "2147"]
[EventDate "2004.10.15"]

1. e4 e6 2. d4 d5 3. exd5 exd5 4. Bd3 c5 5. Qe2+ Be7 6. dxc5 Nf6 7. Nf3 O-O
8. O-O Bxc5 9. Bg5 Nc6 10. h3 Qd6 11. Nc3 Re8 12. Qd2 Ne4 13. Bxe4 dxe4 14.
Qxd6 Bxd6 15. Nd2 Bf5 16. Nc4 Be5 17. Nxe5 Rxe5 18. Bf4 Ree8 19. Rad1 Rad8
20. Nb5 e3 21. Bxe3 Bxc2 22. Rxd8 Rxd8 23. Nxa7 Nxa7 24. Bxa7 Ra8 25. Rc1
Bf5 26. Bd4 h6 27. a3 Rd8 28. Bc3 Re8 29. a4 Bd7 30. a5 Bb5 31. Rd1 Rc8 32.
Rd5 Ba6 33. Rd4 Kh7 34. Rd7 Kg6 35. h4 h5 36. Rd5 f6 37. Rd7 Rc6 38. Re7 b6
39. axb6 Rxb6 40. b4 Rb7 41. Re3 Kf5 42. f3 Kg6 43. g4 Bc4 44. Kf2 Rd7 45.
Re4 Bb5 46. Bd4 Bd3 47. Rf4 Re7 48. Be3 hxg4 49. Rd4 Bb1 50. Rxg4+ Kf7 51.
b5 Bf5 52. Rb4 Bc8 53. b6 Bb7 54. h5 g6 55. hxg6+ Kxg6 56. Bf4 Rd7 57. Bc7
Rd3 58. f4 Ra3 59. Rd4 Rb3 60. Ke2 Kf5 61. Kd2 Be4 62. Rc4 Rb2+ 63. Ke3
Rb3+ 64. Kd4 Bb7 65. Ra4 Ke6 66. Ra7 Bf3 67. Bd8 Kf5 68. Bc7 Ke6 69. Ra1
Kd7 70. Re1 Bb7 71. Kc4 Rb2 72. Rd1+ Ke6 73. Rd6+ Kf5 74. Rd1 Ke6 75. Rc1
Bf3 76. Kc5 Bb7 77. Bd8 Kf5 78. Kd6 Kxf4 79. Kc7 Be4 80. Bxf6 Rb3 81. Be7
Ke3 82. Bc5+ Kd2 83. Rc4 Bf3 84. Rf4 Bh1 85. Bb4+ Ke3 86. Rh4 Bg2 87. b7
Bxb7 88. Kxb7 Rd3 89. Kc6 Rd8 90. Bd6 Rc8+ 91. Kd5 Rd8 92. Rh3+ Ke2 93. Ke5
Re8+ 94. Kf4 Re6 95. Be5 Ra6 96. Ke4 Kf2 97. Rh2+ Kg1 98. Rc2 Ra4+ 99. Bd4+
Kh1 100. Rd2 Ra3 101. Be3 Ra8 102. Kf3 Ra3 103. Rd1+ Kh2 104. Rd5 1-0

[Event "36th Olympiad w"]
[Site "Calvia ESP"]
[Date "2004.10.23"]
[Round "8"]
[White "Madl,I"]
[Black "Voiska,M"]
[Result "0-1"]
[WhiteElo "2369"]
[BlackElo "2380"]
[EventDate "2004.10.15"]

1. e4 c5 2. Nf3 Nc6 3. d4 cxd4 4. Nxd4 Nf6 5. Nc3 e5 6. Ndb5 d6 7. Bg5 a6
8. Na3 b5 9. Nd5 Be7 10. Nxe7 Nxe7 11. Bxf6 gxf6 12. c4 Bb7 13. cxb5 Bxe4
14. bxa6 O-O 15. Be2 Ng6 16. O-O d5 17. Nb5 Nf4 18. f3 Bf5 19. Kh1 Qb6 20.
Qd2 d4 21. Bc4 Be6 22. Bxe6 fxe6 23. a4 Rxa6 24. b3 Raa8 25. Rac1 Nd5 26.
Qd3 Rfc8 27. Qe4 Kh8 28. g3 Rab8 29. f4 Ne3 30. Rxc8+ Rxc8 31. Re1 Qa5 32.
Rg1 Qd2 33. fxe5 f5 34. Qxd4 Qe2 35. Qf4 Rc1 0-1

[Event "36th Olympiad w"]
[Site "Calvia ESP"]
[Date "2004.10.23"]
[Round "8"]
[White "Djingarova,E"]
[Black "Vajda,S"]
[Result "0-1"]
[WhiteElo "2327"]
[BlackElo "2369"]
[EventDate "2004.10.15"]

1. e4 e5 2. Nf3 Nc6 3. Bc4 Nf6 4. d3 Bc5 5. c3 a6 6. O-O Ba7 7. Nbd2 O-O 8.
Bb3 d5 9. exd5 Nxd5 10. Nc4 f6 11. Re1 Kh8 12. Nh4 b5 13. Ne3 Be6 14. Qf3
Nce7 15. d4 exd4 16. Nef5 Nxf5 17. Nxf5 Bxf5 18. Qxf5 Re8 19. Bh6 Ne7 20.
Qf3 Ng6 21. Rxe8+ Qxe8 22. Bd2 Ne5 23. Qg3 Qh5 24. cxd4 Bxd4 25. Bc3 c5 26.
h3 Rd8 27. Bxd4 cxd4 28. Rd1 Qg6 29. Qxg6 hxg6 30. Kf1 Nc4 31. Bxc4 bxc4
32. Ke2 Rb8 33. Rxd4 Rxb2+ 34. Ke3 Rxa2 35. Rxc4 Rb2 36. Ra4 Rb6 37. Kd4
Kg8 38. f4 Re6 39. Ra3 Kf7 40. g3 Ke7 41. Rb3 Rd6+ 42. Kc5 a5 43. Ra3 Ra6
44. Kb5 Ra8 45. Kb6 Ke6 46. Kb7 Rd8 47. Rxa5 Rd3 48. g4 Rxh3 49. f5+ gxf5
50. gxf5+ Kd6 51. Kc8 Rh8+ 52. Kb7 Re8 53. Ra2 Re5 54. Rd2+ Rd5 55. Rf2 Rc5
56. Kb6 Rc1 57. Rg2 Rb1+ 58. Ka5 Rb7 59. Re2 Kd5 60. Ka4 Kc4 61. Re4+ Kd3
62. Re6 Rd7 63. Kb4 Rd5 64. Re7 Rxf5 65. Rxg7 Rf4+ 66. Kc5 f5 67. Kd5 Rd4+
68. Ke5 f4 69. Ra7 Rb4 70. Ra3+ Ke2 71. Ra2+ Kf1 72. Ra1+ Kg2 73. Ra2+ Kg3
74. Ra8 f3 75. Rf8 f2 0-1

[Event "36th Olympiad w"]
[Site "Calvia ESP"]
[Date "2004.10.23"]
[Round "8"]
[White "Kosintseva,T"]
[Black "Khasanova,F"]
[Result "1-0"]
[WhiteElo "2493"]
[BlackElo "2314"]
[EventDate "2004.10.15"]

1. e4 c5 2. Nf3 e6 3. d4 cxd4 4. Nxd4 Nf6 5. Nc3 Nc6 6. Nxc6 bxc6 7. Bd3 d6
8. O-O Be7 9. f4 O-O 10. Kh1 Nd7 11. Qh5 g6 12. Qe2 Bf6 13. Be3 Rb8 14. e5
dxe5 15. Ne4 Bg7 16. fxe5 Bxe5 17. Bg5 Qc7 18. Bc4 Re8 19. Bh4 f5 20. Ng5
Nb6 21. Bb3 Nd5 22. Nf3 Bf6 23. c4 Nf4 24. Qe3 Bxh4 25. Nxh4 Nh5 26. c5 Rb4
27. Nf3 Re4 28. Qc3 Qg7 29. Qd2 Qc7 30. Rae1 Rxe1 31. Rxe1 Nf6 32. Qe3 Nd5
33. Bxd5 cxd5 34. b4 Ba6 35. a4 Bc8 36. Qd4 Qg7 37. Ne5 Rf8 38. b5 Qc7 39.
Qb4 f4 40. b6 axb6 41. cxb6 Qb7 42. a5 Rf5 43. Qd6 d4 44. Nc6 1-0

[Event "36th Olympiad w"]
[Site "Calvia ESP"]
[Date "2004.10.23"]
[Round "8"]
[White "Zigangirova,S"]
[Black "Kosintseva,N"]
[Result "0-1"]
[WhiteElo "2330"]
[BlackElo "2446"]
[EventDate "2004.10.15"]

1. e4 c5 2. Nf3 Nc6 3. d4 cxd4 4. Nxd4 Nf6 5. Nc3 d6 6. Be2 g6 7. O-O Bg7
8. Nb3 O-O 9. Bg5 a6 10. f4 b5 11. Bf3 Bb7 12. Rb1 Nd7 13. Nd5 Re8 14. Kh1
f6 15. Bh4 e6 16. Ne3 g5 17. Bg3 gxf4 18. Bxf4 Nde5 19. Bh5 Rf8 20. Qe1 Kh8
21. Rd1 Qe7 22. c3 Rad8 23. Rf2 Nb8 24. Nc2 f5 25. exf5 Rxf5 26. Be2 Rdf8
27. Bg3 Rxf2 28. Bxf2 Nbd7 29. Ne3 Nf6 30. Nd4 Ng6 31. Nf1 Ne4 32. Bg1 e5
33. Nc2 Nh4 34. Nce3 Bh6 35. Nd5 Nxg2 36. Kxg2 Qf7 37. Qh4 Rg8+ 38. Kh1 Nf6
39. c4 Nxd5 0-1

[Event "36th Olympiad w"]
[Site "Calvia ESP"]
[Date "2004.10.23"]
[Round "8"]
[White "Garcia Vicente,N"]
[Black "Cast,A"]
[Result "1/2-1/2"]
[WhiteElo "2213"]
[BlackElo "2082"]
[EventDate "2004.10.15"]

1. d4 d5 2. c4 c6 3. Nf3 Nf6 4. Nc3 e6 5. Bg5 Nbd7 6. e3 Be7 7. Qc2 h6 8.
Bh4 O-O 9. Rd1 Re8 10. a3 a5 11. Be2 dxc4 12. Bxc4 b5 13. Bd3 Bb7 14. O-O
Rc8 15. Ne5 Nxe5 16. dxe5 Nd5 17. Bxe7 Qxe7 18. Ne4 Red8 19. Qc5 Qxc5 20.
Nxc5 Ba8 21. Rd2 Kf8 22. Rfd1 Ke7 23. Bc2 Nb6 24. Bb3 Rxd2 25. Rxd2 Rd8 26.
Rxd8 Kxd8 27. f4 Nd7 28. Ne4 Ke7 29. Kf2 c5 30. Nd6 Bc6 31. Bc2 f6 32. Nc8+
Kd8 33. Na7 Kc7 34. Nxc6 Kxc6 35. Be4+ Kc7 36. exf6 Nxf6 37. Bf3 Kd6 38. e4
e5 39. g3 c4 40. Ke3 Nd7 41. Bh5 b4 42. axb4 axb4 43. Bf7 Nb6 44. h4 Ke7
45. Bg8 Kf6 46. Kd2 g6 47. Ke3 Kg7 48. Be6 Kf6 49. f5 g5 50. Kd2 Ke7 51.
Bg8 Kf6 52. Ke3 Ke7 53. Be6 Kf6 54. Bg8 Kg7 1/2-1/2

[Event "36th Olympiad w"]
[Site "Calvia ESP"]
[Date "2004.10.23"]
[Round "8"]
[White "Evans Quek,D"]
[Black "Hernandez,Yu"]
[Result "0-1"]
[WhiteElo "2013"]
[BlackElo "2201"]
[EventDate "2004.10.15"]

1. g3 d5 2. Bg2 Nf6 3. d3 c6 4. f4 g6 5. Nf3 Nbd7 6. O-O Bg7 7. Kh1 Qb6 8.
d4 Ne4 9. c3 O-O 10. Nbd2 Nd6 11. Ne5 Nf6 12. e3 Qc7 13. c4 dxc4 14. Nexc4
Nxc4 15. Nxc4 Bf5 16. Nd2 Rad8 17. Qb3 Be6 18. Qa3 a5 19. Rb1 b5 20. Qc3
Nd5 21. Qd3 Nb4 22. Qc3 Bf5 23. Be4 Nxa2 24. Qc5 e6 25. Ra1 Nb4 26. Bg2 Nc2
27. Ra3 Nxa3 28. bxa3 Bd3 29. Re1 Rd6 30. g4 Rfd8 31. Qc3 Bc4 32. Nxc4 bxc4
33. Qxc4 c5 34. Bf3 Rc8 35. d5 exd5 36. Bxd5 Rb6 37. e4 Rb1 38. e5 Rd8 39.
Be4 Rd4 40. Qc2 Rb8 41. Bf3 c4 42. Be3 Rd3 43. Qc1 Rbb3 44. Bd1 Rbc3 45.
Bc2 Qb7+ 46. Kg1 Qf3 47. Bd2 Bf8 0-1